000
00309 a2200145 4500
001
45697
020
_a
9788586889509
040
_c
Anchieta - Aquarius
240
1
0
_a
*Criaturas do oceano
_l
por
245
1
0
_a
*Criaturas do oceano
300
_a
362
0
_a
0
650
4
_a
Literatura infantil
942
_c
BK
999
_c
45697
_d
45697